| 000 | 00593nam a2200205 i 4500 | ||
|---|---|---|---|
| 001 | 98192 | ||
| 003 | ES-MaACL | ||
| 007 | t| | ||
| 008 | 050726s1986 sp ||||1| spa d | ||
| 020 | _a84-344-8200-2 | ||
| 100 | 1 |
_aMarsá, Francisco. _977097 |
|
| 245 | 1 | 0 |
_aDiccionario normativo y guía práctica de la lengua española / _cFrancisco Marsá. |
| 250 | _a1ª ed. | ||
| 260 |
_aBarcelona : _bAriel, _c1986. |
||
| 300 |
_a477 p. ; _c24 cm. |
||
| 490 | 1 | _aAriel lingüística | |
| 830 | 0 |
_aAriel lingüística _9179613 |
|
| 852 |
_aES-MaACL _jG-5302 _bR.114154 |
||
| 999 |
_c98192 _d98192 |
||